| 000 | 00672nam a2200217 a 4500 | ||
|---|---|---|---|
| 005 | 20240606063724.0 | ||
| 008 | 040223s1996 ag r 000 0 spa d | ||
| 020 | _a9507245685 | ||
| 035 | _aUPN01000132089 | ||
| 049 | _aCG | ||
| 050 | 4 |
_aLC215 _bV3.7b 1996 |
|
| 245 | 0 | 0 | _aTécnicas participativas para la educación popular. |
| 250 | _a7a ed. | ||
| 260 |
_aBuenos Aires : _bLumen-Hvmanitas : _bCEDEPO, _c1996. |
||
| 300 |
_a1 v. (en varias paginaciones) _bil. |
||
| 440 | 0 |
_aAlforja. _pPublicaciones de educacion popular |
|
| 650 | 4 |
_aComunidad y escuela _99258 |
|
| 650 | 4 |
_aDinámica de grupos _96712 |
|
| 650 | 4 |
_aTécnicas de enseñanza _95713 |
|
| 905 | _aLibro | ||
| 999 |
_c104244 _d104244 |
||